[Event "11th dMP Batavia 2019"]
[Site "Amsterdam"]
[Date "2019.03.09"]
[Round "8"]
[White "Lahaye, Rick"]
[Black "Meissner, Felix"]
[Result "1-0"]
[WhiteElo "2414"]
[BlackElo "2397"]
[Annotator "TA"]
[PlyCount "125"]
[EventDate "2019.03.01"]
[EventType "tourn"]
[EventCountry "NED"]
[SourceTitle "playchess.com"]
[Source "ChessBase"]
[SourceQuality "1"]

{[%evp 12,125,8,0,17,-15,-1,-6,37,39,35,29,25,29,63,21,17,4,0,3,0,0,0,0,0,0,0,0,43,24,68,53,56,52,43,37,68,38,60,38,35,6,31,16,66,48,51,51,134,137,136,86,102,53,68,45,54,28,64,60,51,36,43,58,70,14,63,33,39,0,0,0,0,0,25,13,16,12,38,45,81,51,54,56,95,89,92,116,97,76,126,100,93,30,47,27,651,650,606,577,636,582,2006,1975,1801,1739,12837,11255,6211,6187,29990,29991,29992,29993,29998,29999]} 1. e4 g6 2. g3 Bg7 3. Bg2 e5 4. Ne2 Ne7 5. O-O O-O 6. d4 exd4 7. Nxd4 Nbc6 {A00: Irregular Openings} (7... d6 8. c4 Nbc6 9. Be3 Ne5 10. Qe2 Ng4 11. Nc3 Re8 12. Rad1 Nxe3 13. Qxe3 Bd7 14. Qc1 Rb8 15. Rfe1 {0-1 (35) Al Huwar,J (2275)-Vakhidov,J (2518) Ashkhabad 2017}) 8. c3 Nxd4 9. cxd4 d6 $146 {The position is equal.} ({Predecessor:} 9... d5 10. exd5 Nf5 11. Nc3 Nxd4 12. Be3 Nf5 13. Bf4 Nd6 14. Rc1 {½-½ (56) Larand,M (1948)-Devallee,J (2261) Les Sables d'Olonne 2017}) 10. Nc3 c6 11. Bg5 h6 12. Be3 f5 13. d5 fxe4 $1 14. dxc6 bxc6 15. Nxe4 Nf5 16. Qb3+ Kh7 17. Rfd1 d5 18. Bc5 Rf7 19. Nc3 Rb7 20. Qc2 Qh8 21. Rac1 Rab8 22. b3 Rf7 23. Ne2 Be5 24. Qd3 Rbb7 25. f4 Bf6 26. Bf2 Bd7 27. Nc3 {[%cal Be2c3,Bc3a4,Ba4c5,Bc5a6][%mdl 32]} Be8 28. Bf3 Rfe7 29. Na4 Ng7 ({Better is} 29... Bd4 $14) 30. Nc5 $16 Rbc7 31. h4 {Black must now prevent h5.} h5 32. Na6 Rb7 33. Re1 Rxe1+ 34. Rxe1 Qf8 35. Nc5 Re7 {And now ...Rxe1+ would win.} 36. Rc1 Qf7 37. b4 Nf5 38. Rc2 ({White should play} 38. Bxh5 $14 Bb2 39. Rc2) 38... Kh8 39. Nb3 Bd7 40. Na5 Qe8 41. Re2 Rxe2 42. Bxe2 Kg7 43. Bf1 Qe7 44. a3 Be8 45. Nb3 Nd6 46. Nc5 Nc4 47. a4 Nb2 48. Qc2 Bf7 {[#]} 49. a5 $1 Nc4 50. Qd3 Nb2 51. Qf3 Nc4 52. a6 (52. Qe2 $16) 52... Nd2 $11 53. Qd3 Ne4 $2 {[%mdl 8192] [#]} (53... Nxf1 $11 54. Kxf1 Kh7) 54. Nxe4 $1 $18 dxe4 55. Qe3 Qxb4 56. Qxa7 e3 57. Qxe3 Qa4 58. a7 Qa1 59. Qd3 Bd5 60. Qa6 Qd1 61. a8=Q {White mates.} Qf3 62. Q6a7+ Kh6 63. Qf8+ {[%mdl 64] Double Attack. Accuracy: White = 61%, Black = 37%.} 1-0

[Event "11th dMP Batavia 2019"]
[Site "Amsterdam"]
[Date "2019.03.10"]
[Round "9"]
[White "Williams, Simon K"]
[Black "Pijpers, Arthur"]
[Result "1/2-1/2"]
[WhiteElo "2471"]
[BlackElo "2482"]
[Annotator "TA"]
[PlyCount "61"]
[EventDate "2019.03.01"]
[EventType "tourn"]
[EventCountry "NED"]
[SourceTitle "playchess.com"]
[Source "ChessBase"]
[SourceQuality "1"]

{[%evp 9,61,-16,-11,-28,-22,-25,-16,-14,-14,-11,0,0,0,0,-7,-61,-66,-68,-76,-58,-26,-94,-77,-95,-62,-70,-98,-124,-141,-143,-135,-162,-152,-177,-132,-143,-127,-176,-128,-115,-26,-184,-153,-174,-160,-166,-130,-107,-114,-131,-120,-106,-99,-137]} 1. d4 d5 2. c4 c6 3. Nf3 Nf6 4. Qc2 dxc4 5. e4 (5. Qxc4 Bg4 6. Nbd2 Nbd7 7. g3 e6 8. Bg2 Bd6 9. Qb3 Nb6 10. O-O O-O 11. Re1 a5 12. e4 a4 13. Qc3 Re8 14. a3 {1-0 (64) Yu,Y (2764)-Kovalenko,I (2657) St Petersburg 2018}) 5... b5 6. b3 {D11: Slav Defence: 3 Nf3 sidelines and 3...Nf6 4 e3 Bg4} cxb3 $1 7. axb3 e6 8. Bd2 {The position is equal.} a5 9. Bd3 Na6 10. O-O Nb4 11. Bxb4 $1 Bxb4 12. Nc3 $146 (12. Ne5 $11 Bb7 13. Nxc6 Bxc6 14. Qxc6+ {[%mdl 64] Double Attack} Ke7 15. e5 (15. Bxb5 Rc8 $11)) ({Predecessor:} 12. Ne5 Bb7 13. Nxc6 Bxc6 14. Qxc6+ {½-½ (50) Lopez,J (2366)-Pijpers,A (2465) Netherlands 2018}) 12... Bb7 $15 13. Rac1 h6 14. Qe2 O-O 15. Rfd1 (15. e5 $11 {keeps the balance.} Nd5 16. Qe4) 15... Re8 $36 {[%mdl 2048] Black has strong initiative.} 16. h4 a4 17. bxa4 bxa4 18. Na2 Be7 19. e5 {[#]} Nd7 $1 20. h5 Qa5 21. Be4 Rec8 22. Nd2 Rab8 23. Qf3 a3 24. Nc4 Qa4 (24... Qd8 $17 25. Ra1 Qf8) 25. Rd3 $2 {[#]} (25. Rc3 $11 {and White stays safe.}) 25... Ba6 $19 26. Rdc3 Bxc4 27. Rxc4 Qb3 28. Qxb3 Rxb3 29. Rxc6 Rxc6 30. Rxc6 Rb2 31. Rc2 {Accuracy: White = 46%, Black = 49%.} 1/2-1/2

[Event "11th dMP Batavia 2019"]
[Site "Amsterdam"]
[Date "2019.03.10"]
[Round "9"]
[White "Kuipers, Stefan"]
[Black "Warmerdam, Max"]
[Result "1/2-1/2"]
[WhiteElo "2455"]
[BlackElo "2448"]
[Annotator "TA"]
[PlyCount "61"]
[EventDate "2019.03.01"]
[EventType "tourn"]
[EventCountry "NED"]
[SourceTitle "playchess.com"]
[Source "ChessBase"]
[SourceQuality "1"]

{[%evp 11,61,7,13,19,22,11,22,15,22,0,1,-47,2,-3,0,-27,0,3,2,-4,-3,0,28,8,24,-8,44,14,19,0,3,0,0,-20,0,0,0,0,0,-7,0,0,0,-15,0,0,0,-15,0,0,0,-9]} 1. e4 e5 2. Nf3 Nc6 3. Bc4 Bc5 4. c3 Nf6 5. d3 d6 6. Bb3 a6 7. h3 {C54: Giuoco Piano: 4 c3 Nf6, main lines with 5 d4 and 5 d3} h6 8. Nbd2 Ba7 9. Nf1 Ne7 (9... Be6 10. Ng3 Qd7 11. Qe2 Bxb3 12. axb3 Ne7 13. O-O Ng6 14. Nf5 O-O 15. Nh2 Qe6 16. b4 Ne7 17. Ng3 Ng6 18. Nf5 Ne7 19. Ng3 Ng6 20. Nf5 Ne7 {½-½ (20) Chigaev,M (2604)-Kovalev,V (2687) Wijk aan Zee 2019}) 10. Qe2 Ng6 11. g3 Be6 $146 ({Predecessor:} 11... O-O 12. Ne3 c6 13. Bd2 d5 14. Ng2 Be6 {0-1 (46) Gukasian,R (2389)-Gustafsson,J (2572) playchess.com INT 2004}) 12. Be3 Qd7 13. h4 Ne7 14. Bxa7 {[#] Black must now prevent Be3.} Rxa7 15. Ne3 Bxb3 16. axb3 Qe6 17. b4 c6 18. h5 d5 (18... O-O $11) 19. exd5 cxd5 {The position is equal.} 20. d4 e4 21. Nh4 O-O 22. Nhg2 Nh7 23. Nf4 Qd6 24. Ra5 {[%cal Rf4d5]} b5 25. Kf1 Ng5 26. Kg2 Rb7 27. Ng4 Nf3 28. Nh2 Ng5 29. Ng4 Nf3 30. Nh2 Ng5 31. Ng4 {Accuracy: White = 30%, Black = 37%.} 1/2-1/2

[Event "11th dMP Batavia 2019"]
[Site "Amsterdam"]
[Date "2019.03.10"]
[Round "9"]
[White "Meissner, Felix"]
[Black "Arutinian, David"]
[Result "1/2-1/2"]
[WhiteElo "2397"]
[BlackElo "2555"]
[Annotator "TA"]
[PlyCount "58"]
[EventDate "2019.03.01"]
[EventType "tourn"]
[EventCountry "NED"]
[SourceTitle "playchess.com"]
[Source "ChessBase"]
[SourceQuality "1"]

{[%evp 12,58,40,42,56,31,31,29,48,33,56,43,54,47,40,12,20,10,10,0,22,0,0,-28,0,0,9,0,36,-35,31,33,72,79,66,57,70,69,91,84,77,77,49,48,56,0,0,0,0]} 1. e4 c5 2. Nf3 e6 3. d4 cxd4 4. Nxd4 a6 5. Bd3 Qc7 6. Qe2 d6 {B42: Sicilian: Kan Variation: 5 Bd3} 7. c4 {LiveBook: 11 Games} Nd7 (7... Nf6 8. Nc3 Nbd7 9. O-O Ne5 10. Nf3 Nxd3 11. Qxd3 b6 12. Bf4 Bb7 13. Rfd1 Rc8 14. Bxd6 Bxd6 15. Qxd6 Nxe4 16. Nxe4 Bxe4 {0-1 (55) Agopov,M (2447)-Ondozi,M (2402) Batumi 2018}) 8. Nc3 (8. f4 {seems wilder.} Be7 9. Nc3 Bf6 10. Be3 Ne7 11. O-O) 8... Ne5 {White is slightly better.} 9. O-O Nxd3 $146 ({Predecessor:} 9... Be7 10. Nf3 Nxd3 11. Qxd3 Nf6 12. Rd1 h6 13. h3 O-O 14. Be3 {1-0 (47) Fendereski,N (2268)-Galindo,J (2064) Abu Dhabi 2015}) 10. Qxd3 Nf6 11. b3 Be7 12. Qg3 O-O 13. Bb2 Re8 14. Rad1 b6 15. Rfe1 {With the idea Nf5.} g6 16. Rd3 Bb7 17. Qh3 Bf8 (17... e5 $5 {[%cal Re5d4]} 18. Nf3 h5 $11) 18. Qh4 Bg7 19. Red1 h6 20. Nf3 ({White should play} 20. f3 $14) 20... Qe7 (20... g5 $15 21. Qg3 Bxe4 22. Qxd6 Qxd6 23. Rxd6 Bxf3 24. gxf3 b5) 21. Qf4 $14 b5 {[#]} 22. Ba3 $1 ({Reject} 22. cxb5 $6 axb5 23. Rxd6 g5 $11) ({Of course not} 22. Qxd6 Qxd6 23. Rxd6 Nxe4 $15) 22... e5 23. Qe3 Nxe4 24. Nxe4 Bxe4 25. Qxe4 d5 26. Bxe7 dxe4 27. Rd7 {[#] Strongly threatening Nd2.} exf3 28. gxf3 (28. c5 $1 $14) 28... bxc4 $11 29. bxc4 Bf8 {Precision: White = 54%, Black = 39%.} 1/2-1/2

[Event "11th dMP Batavia 2019"]
[Site "Amsterdam"]
[Date "2019.03.10"]
[Round "9"]
[White "Van der Wiel, John T.H."]
[Black "Leenhouts, Koen"]
[Result "1/2-1/2"]
[WhiteElo "2391"]
[BlackElo "2447"]
[Annotator "TA"]
[PlyCount "43"]
[EventDate "2019.03.01"]
[EventType "tourn"]
[EventCountry "NED"]
[SourceTitle "playchess.com"]
[Source "ChessBase"]
[SourceQuality "1"]

{[%evp 21,43,25,27,17,31,0,0,0,21,19,29,25,18,22,18,22,29,0,5,9,40,40,44,26]} 1. e4 c5 2. Nf3 e6 3. d4 cxd4 4. Nxd4 Nc6 5. Nc3 Qc7 6. Be2 Nf6 7. O-O Be7 8. Be3 O-O 9. f4 d6 10. Bf3 Nxd4 {B83: Sicilian Scheveningen: 6 Be2, lines without ...a6} 11. Qxd4 e5 {LiveBook: 3 Games} 12. Qd2 b6 $146 {The position is equal.} ({Predecessor:} 12... exf4 13. Bxf4 Be6 14. Kh1 a6 15. Rfd1 Rad8 16. Ne2 Ng4 17. Nd4 Ne5 18. Nxe6 fxe6 19. Bxe5 dxe5 {½-½ (48) Kovalev,V (2439)-Durarbayli,V (2515) Chennai 2011}) 13. Rfd1 Bb7 14. Nb5 Qd7 (14... Qc4 {keeps more tension.} 15. Nxd6 Bxd6 16. Qxd6 Bxe4 17. fxe5 Bxf3 18. gxf3 Ng4) 15. Nxd6 Qxd6 16. Qxd6 Bxd6 17. Rxd6 exf4 $1 18. Bxf4 Bxe4 19. Bg5 Bxf3 20. gxf3 Rac8 21. Bxf6 gxf6 22. c3 1/2-1/2

[Event "11th dMP Batavia 2019"]
[Site "Amsterdam"]
[Date "2019.03.10"]
[Round "9"]
[White "Lopez, Jasel"]
[Black "Lahaye, Rick"]
[Result "0-1"]
[WhiteElo "2390"]
[BlackElo "2414"]
[Annotator "TA"]
[PlyCount "60"]
[EventDate "2019.03.01"]
[EventType "tourn"]
[EventCountry "NED"]
[SourceTitle "playchess.com"]
[Source "ChessBase"]
[SourceQuality "1"]

{[%evp 9,60,75,92,-33,-22,-105,-112,-130,-119,-123,-84,-101,-87,-132,-131,-118,-116,-110,-109,-263,-138,-138,-137,-141,-146,-148,-144,-144,-138,-132,-136,-149,-137,-416,-409,-497,-497,-766,-716,-1172,-1172,-1110,-1106,-1036,-1015,-875,-711,-676,-659,-638,-597,-29997,-29998]} 1. d4 f5 2. c4 Nf6 3. Nc3 g6 4. h4 Bg7 5. h5 Nxh5 (5... e6 6. hxg6 hxg6 7. Rxh8+ Bxh8 8. Nh3 Qe7 9. Bg5 Qf7 10. g3 d5 11. Bg2 c6 12. Qb3 Nbd7 13. O-O-O {1-0 (24) Mamedyarov,S (2768)-Lu,S (2627) Doha 2016}) 6. Rxh5 {A85: Dutch Defence: 2 c4 Nf6 3 Nc3} (6. e4 $1 $16) 6... gxh5 $15 7. e4 (7. Bg5 $1 $11) 7... O-O $17 8. Qxh5 {Black is better.} fxe4 9. Be3 $146 {[#]} ({Predecessor:} 9. g4 Qe8 10. Qh4 Qg6 11. Bg2 Bxd4 12. Be3 Bxc3+ 13. bxc3 {0-1 (24) Rogozenco,T (2104)-Ovod,E (2329) Mamaia 2016}) 9... e5 $1 10. d5 (10. dxe5 Qe8) 10... d6 {Strongly threatening ...Bf5.} 11. Nge2 Nd7 $1 12. Ng3 Nf6 13. Qh1 c6 14. Bg5 $2 (14. Qh4 $17) 14... cxd5 (14... Qb6 $19 15. O-O-O Ng4) 15. Nxd5 Be6 $1 {[%cal Re6d5]} 16. O-O-O Bxd5 $1 17. Rxd5 Qb6 18. Bxf6 Rxf6 19. Nxe4 Rxf2 $1 20. Nxf2 Qxf2 $40 {[%mdl 128] White is in trouble.} 21. Rd2 $2 {[%mdl 8192] [#]} (21. g4 $17 {is the only way for White.}) 21... Qe3 $1 $19 22. Kc2 Rf8 {aiming for ...Bh6.} (22... Bh6 $2 23. Rd1 $19) 23. g3 (23. Qh3 $142 Qxh3 24. gxh3 Rxf1 25. Rxd6) 23... e4 {White must now prevent ...Bxb2!} 24. Bh3 Rf2 25. Be6+ Kh8 {( -> ...Qd3+)} 26. Rxf2 Qxf2+ 27. Kd1 e3 {[%csl Ge3][%cal Rf2d2]} 28. Qe1 {[#]} Qf3+ $1 29. Qe2 Qe4 {[%cal Re4b1]} 30. Qg4 Qd3+ {Accuracy: White = 24%, Black = 73%.} 0-1